000 00818nam a2200253 a 4500
001 60246
003 BD-RjUL
005 20211209080822.0
008 161229s2011 bg a|||| ||||o00| 0 eng d
020 _a9845089577
_c: Complimentary
035 _a(BD-RjUL)60370
040 _aBD-RjUL
_beng
_cBD-RjUL
041 _aeng
082 _223
_a630.95492021
_bKHU 2011 (ZS)
110 _aBangladesh Bureau Of Statistics
_9179266
245 1 0 _aCensus of Agriculture, 2008 :
_bZila Series, Khulna /
_cBangladesh Bureau Of Statistics.
260 _aDhaka :
_bBBS,
_c2011.
300 _axvi, 366 p. :
_bill. ;
_c28 cm.
490 _aZila Series, Khulna.
500 _aChiefly Statistics Tables.
650 _aAgriculture
_zBangladesh
_zKhulna
_vStatistics.
_9179321
830 _aZila Series, Khulna.
_9180441
942 _2ddc
_cRAR
999 _c60246
_d60246